000 01310cam a22003497a 4500
003 CHAP
005 20220817044039.0
008 050913d1998 mx r 00110 spa d
010 _a90907
011 _a91879
020 _a9702000130
035 _a102442
040 _cCHAP
082 0 4 _a330.1
_bV55
100 0 0 _aVillarreal, René.
_9119671
245 1 0 _aHacia una nueva economía de mercado institucional y participativa :
_bel reencuentro del mercado institucional con el estado reformado y la sociedad participativa
_c/por René Villarreal
260 _aMonterrey, N. L. :
_bCastillo,
_c1998.
300 _a318 p.
590 _aBATCH-UPD
_b10
_c20130110
_lUCH01
_h0555
590 _aBATCH-UPD
_b10
_c20130410
_lUCH01
_h0236
590 _aBATCH-UPD
_b10
_c20130914
_lUCH01
_h1233
590 _aCONVERSION
_b10
_c20130109
_lUCH01
_h1350
650 1 4 _aEconomía.
_935226
650 1 4 _aMéxico
_xCondiciones económicas.
650 1 4 _aPolítica económica.
901 _aBK
905 _aLilia
942 _cLIBRO
949 _a330.1 V55
_bBC
_cLIBRO
_d33724000963450
_eLIBRO
_fc.3
_gI.c/e
_h106857
_i102442
_sb
_t$195.00
949 _a330.1 V55
_bBC
_cLIBRO
_d33724000963518
_eLIBRO
_fc.2
_gI.c/e
_h106856
_i102442
_si
_t$195.00
949 _a330.1 V55
_bBC
_cLIBRO
_d33724000963575
_eLIBRO
_gI.c/e
_h106855
_i102442
_si
_t$195.00
999 _c90907
_d90907